000 01214nam a2200313Ia 4500
001 ebr10661662
003 CaPaEBR
006 m u
007 cr cn|||||||||
008 090427s2009 nyua sb 001 0 eng d
010 _z 2009017706
020 _z9781606929476
020 _z9781608769216
040 _aCaPaEBR
_cCaPaEBR
035 _a(OCoLC)847643086
050 1 4 _aQR400
_b.H37 2009eb
082 0 4 _a614.5/812
_222
245 0 0 _aHerpesviridae viral structure, life cycle, and infections
_h[electronic resource] /
_c[edited by] Toma R. Gluckman.
260 _aHauppauge, NY :
_bNova Science Publishers,
_cc2009.
300 _axii, 283 p. :
_bill. (some col.)
504 _aIncludes bibliographical references and index.
533 _aElectronic reproduction.
_bPalo Alto, Calif. :
_cebrary,
_d2013.
_nAvailable via World Wide Web.
_nAccess may be limited to ebrary affiliated libraries.
650 0 _aHerpesviruses.
650 0 _aHerpesvirus diseases.
655 7 _aElectronic books.
_2local
700 1 _aGluckman, Toma R.
710 2 _aebrary, Inc.
856 4 0 _uhttp://site.ebrary.com/lib/rucke/Doc?id=10661662
_zAn electronic book accessible through the World Wide Web; click to view
999 _c169790
_d169790